000
00250nam a2200097Ia 4500
008
170619s9999 xx 000 0 und d
100
_a
Pillai- N.N
245
0
_a
Principles of Fluid Mechanics & Fluid Machines
260
_b
UNIVERSITIES PRESS
260
_c
2009
546
_a
ENGLISH
999
_c
21399
_d
21399